Top 15 dei paesi con decessi Covid-19 - 25 giugno - Statistics

Statistiche generali
  • Questo quiz è stato fatto 5 volte
  • Il punteggio medio è 13 su 20
Statistiche sulle risposte
nazione % Corretto
Brasile
100%
Francia
100%
Germania
100%
Italia
100%
Regno Unito
100%
Spagna
100%
Stati Uniti
100%
Canada
80%
Messico
80%
Cile
60%
India
60%
Irlanda
60%
Russia
60%
Belgio
40%
Ecuador
40%
Paesi Bassi
40%
Perù
40%
Iran
20%
Svezia
20%
Svizzera
20%
Nessun quiz corrispondente trovato
Distribuzione punteggi
Percentuale di utenti per punteggio
Percentile per numero di risposta
I tuoi punteggi nel tempo
Non hai fatto questo quiz